| 000 -CABECERA |
| fixed length control field |
01433nam a22002297a 4500 |
| 003 - IDENTIFICADOR DEL NÚMERO DE CONTROL |
| control field |
AR-CdUCM |
| 008 - DATOS DE LONGITUD FIJA--INFORMACIÓN GENERAL |
| fixed length control field |
190322b ||||| |||| 00| 0 spa d |
| 040 ## - FUENTE DE LA CATALOGACIÓN |
| Agencia/entidad que catalogó originalmente la obra |
MUNICIPALIDAD PROVINCIAL DEL CUSCO |
| Entidad que transcribió la catalogación |
BIBLIOTECA MUNICIPAL DEL CUSCO |
| 082 ## - NÚMERO DE LA CLASIFICACIÓN DECIMAL DEWEY |
| No. de Clasificación |
869.56038 / |
| Notacion interna |
R63 |
| 100 ## - ENTRADA PRINCIPAL--NOMBRE DE PERSONA |
| Nombre Personal |
Ríos, Jorge |
| 245 ## - MENCIÓN DE TÍTULO |
| Título |
El Camino / |
| 260 ## - PUBLICACIÓN, DISTRIBUCIÓN, ETC. |
| Lugar de publicación, distribución, etc. |
Cusco : |
| Nombre de la editorial, distribuidor, etc. |
Centro |
| Fecha de publicación, distribución, etc. |
Centro Federado de Ciencias. |
| 300 ## - DESCRIPCIÓN FÍSICA |
| Nº de Páginas Extensión |
91 paginas ; |
| Dimensiones |
20 cm. |
| 505 ## - NOTA DE CONTENIDO CON FORMATO |
| Nota de contenido formateada |
Contenido: Ushanan Jampi / Enrique López Albújar -- La familia Pichilín / Carlos Camino -- El alfiler / Ventura García Calderón -- El caballero Carrmelo / Abraham Valdelomar -- Paco Yunque / César Vallejo -- El trompo / José Diez Canseco -- Maruja / Julián Huanay -- Duelo de caballeros / Ciro Alegría -- El bagrecico / Francisco Izquierdo Ríos -- La agonía de Rasu Ñiti / José María Arguedas -- Taita Cristo / Eleodoro Vargas Vicuña -- El suelo es una flor / Carlos Eduardo Zavaleta -- Loa gallinazos sin plumas / Julio Ramón Ribeyro -- El niño de junto al cielo / Enrique Congrains Martín -- Cara de ángel / Oswaldo Reynoso -- La creación del mundo / Antonio Gálvez Ronceros -- Día domingo / Mario Vargas Llosa -- Con Jimmy, en Paracas / Alfredo Bryce Echenique. |
| 650 ## - PUNTO DE ACCESO ADICIONAL DE MATERIA--TÉRMINO DE MATERIA |
| Descriptor |
Cuentos Peruanos |
| 9 (RLIN) |
33 |
| 650 ## - PUNTO DE ACCESO ADICIONAL DE MATERIA--TÉRMINO DE MATERIA |
| Descriptor |
Colecciones |
| 9 (RLIN) |
607 |
| 650 ## - PUNTO DE ACCESO ADICIONAL DE MATERIA--TÉRMINO DE MATERIA |
| Descriptor |
Literatos |
| 9 (RLIN) |
754 |
| 650 ## - PUNTO DE ACCESO ADICIONAL DE MATERIA--TÉRMINO DE MATERIA |
| Descriptor |
Perú |
| 9 (RLIN) |
35 |
| 942 ## - ELEMENTOS DE PUNTO DE ACCESO ADICIONAL (KOHA) |
| Fuente de clasificación |
|
| Tipo de item |
Libros-BMC |
| 945 ## - PROCESAMIENTO DE INFORMACIÓN LOCAL (OCLC) |
| Catalogador |
pjha |